Pumping station design (Record no. 79866)

MARC details
000 -LEADER
fixed length control field 01094nam a2200253 a 4500
008 - FIXED-LENGTH DATA ELEMENTS--GENERAL INFORMATION
fixed length control field 120416s1998 ||||||||||||||||| || u
020 ## - INTERNATIONAL STANDARD BOOK NUMBER
International Standard Book Number 0750694831
050 ## - LIBRARY OF CONGRESS CALL NUMBER
Classification number TD 485 Pum
100 ## - MAIN ENTRY--PERSONAL NAME
Personal name Sanks, Robert L
245 10 - TITLE STATEMENT
Title Pumping station design
Statement of responsibility, etc. edited by Robert L. Sanks
250 ## - EDITION STATEMENT
Edition statement 2nd ed.
260 ## - PUBLICATION, DISTRIBUTION, ETC.
Place of publication, distribution, etc. Boston
Name of publisher, distributor, etc. Butterworth-Heinemann
Date of publication, distribution, etc. 1998
300 ## - PHYSICAL DESCRIPTION
Extent xxxi, 981p. : ill.
350 ## -
-- 0.00
500 ## - GENERAL NOTE
General note Includes bibliographical references and index.
650 ## - SUBJECT ADDED ENTRY--TOPICAL TERM
Topical term or geographic name entry element WATER
650 ## - SUBJECT ADDED ENTRY--TOPICAL TERM
Topical term or geographic name entry element SEWERAGE DISPOSAL PLANTS
650 ## - SUBJECT ADDED ENTRY--TOPICAL TERM
Topical term or geographic name entry element WATER TREATMENT PLANTS
650 ## - SUBJECT ADDED ENTRY--TOPICAL TERM
Topical term or geographic name entry element Pumping stations--Design and construction
856 ## - ELECTRONIC LOCATION AND ACCESS
Uniform Resource Identifier http://www.loc.gov/catdir/toc/els032/97015436.html
856 ## - ELECTRONIC LOCATION AND ACCESS
Uniform Resource Identifier http://www.loc.gov/catdir/description/els032/97015436.html
995 ## -
-- MAIN LIBRARY OPEN ACCESS
-- 0.00
-- 738057
-- CBU-MAIN LIBRARY (Kitwe)
-- 1
-- 0.00
-- TD 485 PUM
-- 2
-- AVAILABLE
-- Nov 13, 2007
-- 738057
-- Main Library Open Access Collection
995 ## -
-- MAIN LIBRARY OPEN ACCESS
-- 0.00
-- 731950
-- CBU-MAIN LIBRARY (Kitwe)
-- 1
-- 85.00
-- TD 485 Pum
-- 1
-- AVAILABLE
-- 029254
-- Main Library Open Access Collection
999 ## -
-- 79866
-- 79866
Holdings
Withdrawn status Lost status Source of classification or shelving scheme Damaged status Not for loan Permanent Location Current Location Shelving location Date acquired Total Checkouts Full call number Barcode Date last seen Copy number Price effective from Koha item type
          CBU-MAIN LIBRARY, KITWE. CBU-MAIN LIBRARY, KITWE.   06/29/2023   TD 485 Pum 738057 06/29/2023 1 06/29/2023 MONOGRAPH
          CBU-MAIN LIBRARY, KITWE. CBU-MAIN LIBRARY, KITWE.   06/29/2023   TD 485 Pum 029254 06/29/2023 2 06/29/2023 MONOGRAPH